[Event "Lignano Bella Italia op 2nd"]
[Site "Lignano Sabbiadoro"]
[Date "2023.08.21"]
[Round "7"]
[White "Proietti Cobas, Jorge"]
[Black "Negro, Roberto"]
[Result "1-0"]
[WhiteElo "1998"]
[BlackElo "2128"]
[PlyCount "132"]
[EventDate "2023.08.17"]
[EventType "swiss"]
[EventRounds "9"]
[EventCountry "ITA"]
[SourceTitle "EXT 2024"]
[Source "ChessBase"]
[SourceDate "2023.10.10"]
[SourceVersion "1"]
[SourceVersionDate "2023.10.10"]
[SourceQuality "1"]

1. e4 d6 2. d4 g6 3. Nc3 c6 4. Be3 Nf6 5. f3 b5 6. Qd2 Nbd7 7. g4 Nb6 8. h4 h5 9. g5 Nfd7 10. f4 Bg7 11. Bd3 Nc4 12. Bxc4 bxc4 13. Nge2 Rb8 14. b3 Qa5 15. 0-0 Nb6 16. Rae1 Bh3 17. Rf2 cxb3 18. axb3 Nd7 19. Kh2 Bg4 20. Qd3 c5 21. Ref1 Bxe2 22. Nxe2 cxd4 23. Bxd4 Bxd4 24. Qxd4 0-0 25. Ra1 Qc7 26. Rxa7 Rb7 27. Rxb7 Qxb7 28. Nc3 Nc5 29. Nd5 Ne6 30. Qd3 Nc5 31. Qf3 e6 32. Nf6+ Kg7 33. Qc3 e5 34. fxe5 Nxe4 35. Nxe4 Qxe4 36. exd6+ Kg8 37. Qg3 Rd8 38. c4 Qd4 39. Qf4 Qxd6 40. Qxd6 Rxd6 41. Rf4 Rb6 42. Rf3 Kf8 43. Re3 f6 44. gxf6 Rxf6 45. Kg3 Rb6 46. Kf2 Kf7 47. Ke2 Kf6 48. Kd2 g5 49. hxg5+ Kxg5 50. Kc3 Rh6 51. c5 Kf4 52. Re1 h4 53. b4 h3 54. b5 h2 55. b6 h1Q 56. Rxh1 Rxh1 57. b7 Rb1 58. c6 Ke5 59. c7 Rxb7 60. c8Q Re7 61. Qc5+ Ke6 62. Kd4 Rd7+ 63. Ke4 Re7 64. Qc6+ Kf7+ 65. Kf5 Re8 66. Qf6+ Kg8 1-0

[Event "Lignano Bella Italia op 2nd"]
[Site "Lignano Sabbiadoro"]
[Date "2023.08.17"]
[Round "1"]
[White "Zaja, Ivan"]
[Black "Negro, Roberto"]
[Result "1-0"]
[WhiteElo "2421"]
[BlackElo "2128"]
[PlyCount "61"]
[EventDate "2023.08.17"]
[EventType "swiss"]
[EventRounds "9"]
[EventCountry "ITA"]
[SourceTitle "EXT 2024"]
[Source "ChessBase"]
[SourceDate "2023.10.10"]
[SourceVersion "1"]
[SourceVersionDate "2023.10.10"]
[SourceQuality "1"]

1. d4 g6 2. e4 d6 3. c4 Bg7 4. Nc3 Nf6 5. h3 0-0 6. Be3 Na6 7. g4 c5 8. Nge2 Qa5 9. Bg2 Qb4 10. b3 cxd4 11. Bxd4 Nc5 12. 0-0 e5 13. Be3 Qb6 14. Rc1 Qd8 15. Qd2 b6 16. f4 Bb7 17. Ng3 exf4 18. Bxf4 Ne8 19. Bg5 Qd7 20. Nd5 Bxd5 21. exd5 Be5 22. Ne2 f6 23. Bh6 Ng7 24. b4 Nb7 25. Nd4 Rf7 26. Nc6 Ne8 27. Nxe5 dxe5 28. c5 Qb5 29. d6 bxc5 30. bxc5 Rc8 31. Bd5 1-0

[Event "Dueville op-A 1st"]
[Site "Dueville"]
[Date "2023.06.03"]
[Round "2"]
[White "Agolzer, Luca"]
[Black "Negro, Roberto"]
[Result "0-1"]
[WhiteElo "1873"]
[BlackElo "2122"]
[PlyCount "80"]
[EventDate "2023.06.01"]
[EventType "swiss"]
[EventRounds "5"]
[EventCountry "ITA"]
[SourceTitle "EXT 2024"]
[Source "ChessBase"]
[SourceDate "2023.10.10"]
[SourceVersion "1"]
[SourceVersionDate "2023.10.10"]
[SourceQuality "1"]

1. e4 d6 2. d4 g6 3. Nc3 Bg7 4. Be3 a6 5. a4 b6 6. h3 Bb7 7. f4 Nf6 8. Bd3 c5 9. Nf3 0-0 10. d5 Nbd7 11. 0-0 Qc7 12. Bc4 b5 13. axb5 Nb6 14. Be2 axb5 15. Nxb5 Qd7 16. Nc3 Rxa1 17. Qxa1 Ra8 18. Qe1 Ba6 19. Bxa6 Rxa6 20. f5 Na4 21. fxg6 hxg6 22. Qh4 Nxc3 23. bxc3 Qa4 24. Rb1 Ra8 25. Rb7 Re8 26. Ng5 Qa1+ 27. Kh2 Qxc3 28. Bf2 Nh5 29. Nf3 Bf6 30. Qg4 Qxc2 31. Bh4 Qc3 32. Bxf6 Qxf6 33. Qd7 Qf4+ 34. Kg1 Kf8 35. e5 dxe5 36. d6 exd6 37. Ng5 Ng3 38. Nh7+ Kg7 39. Qxe8 Ne2+ 40. Kh1 Qf1+ 0-1

[Event "Dueville op-A 1st"]
[Site "Dueville"]
[Date "2023.06.03"]
[Round "3"]
[White "Negro, Roberto"]
[Black "Lain, Luigi"]
[Result "1-0"]
[WhiteElo "2122"]
[BlackElo "2272"]
[PlyCount "51"]
[EventDate "2023.06.01"]
[EventType "swiss"]
[EventRounds "5"]
[EventCountry "ITA"]
[SourceTitle "EXT 2024"]
[Source "ChessBase"]
[SourceDate "2023.10.10"]
[SourceVersion "1"]
[SourceVersionDate "2023.10.10"]
[SourceQuality "1"]

1. Nf3 c5 2. e3 Nc6 3. d4 cxd4 4. exd4 d5 5. Bd3 Bg4 6. c3 Qc7 7. 0-0 e6 8. Re1 Bd6 9. h3 Bh5 10. Nbd2 Nf6 11. Nf1 0-0 12. Bg5 Nd7 13. Bh4 Bg6 14. Bxg6 hxg6 15. Bg3 b5 16. a3 Nb6 17. Ng5 Bxg3 18. fxg3 Rfe8 19. Qe2 a6 20. Qf2 Na5 21. g4 Nac4 22. Qh4 Nd6 23. Qh7+ Kf8 24. Qh8+ Ke7 25. Qxg7 Rg8 26. Nxe6 1-0

[Event "Veneto-ch qf 79th"]
[Site "Padova"]
[Date "2020.02.22"]
[Round "2.17"]
[White "Negro, Roberto"]
[Black "Pasin, Mattia"]
[Result "1/2-1/2"]
[WhiteElo "2124"]
[BlackElo "1921"]
[PlyCount "45"]
[EventDate "2020.02.21"]
[EventType "swiss"]
[EventRounds "3"]
[EventCountry "ITA"]
[SourceTitle "EXT 2024"]
[Source "ChessBase"]
[SourceDate "2023.10.10"]
[SourceVersion "1"]
[SourceVersionDate "2023.10.10"]
[SourceQuality "1"]

1. g3 d5 2. Bg2 Nf6 3. d3 c6 4. Nd2 e5 5. Ngf3 Bd6 6. 0-0 0-0 7. e4 Be6 8. h3 dxe4 9. dxe4 Qc8 10. Ng5 Rd8 11. Nxe6 Qxe6 12. Qe2 b5 13. a4 a6 14. Kh2 Nbd7 15. h4 Ng4+ 16. Kh1 Bc5 17. Nb3 Bb6 18. f3 Ngf6 19. Kh2 Nc5 20. Nxc5 Bxc5 21. Bh3 Qd6 22. Bg5 h6 23. Rfd1 1/2-1/2

[Event "Chioggia op-A 14th"]
[Site "Chioggia"]
[Date "2019.10.06"]
[Round "5"]
[White "Negro, Roberto"]
[Black "Vojak, Daniel"]
[Result "1/2-1/2"]
[WhiteElo "2145"]
[BlackElo "2275"]
[PlyCount "43"]
[EventDate "2019.10.04"]
[EventType "swiss"]
[EventRounds "5"]
[EventCountry "ITA"]
[SourceTitle "EXT 2022"]
[Source "ChessBase"]
[SourceDate "2021.10.06"]
[SourceVersion "1"]
[SourceVersionDate "2021.10.06"]
[SourceQuality "1"]

1. d4 Nf6 2. Nf3 g6 3. g3 Bg7 4. Bg2 0-0 5. 0-0 d6 6. Nc3 d5 7. Ne5 c6 8. Re1 Nbd7 9. Nd3 Ne8 10. Nf4 Nd6 11. e4 dxe4 12. Nxe4 Nxe4 13. Bxe4 e5 14. dxe5 Nxe5 15. Qxd8 Rxd8 16. Nd3 f5 17. Nxe5 fxe4 18. Nc4 Be6 19. Ne3 Rd7 20. Kg2 Rad8 21. a3 h6 22. Rb1 1/2-1/2

[Event "Chioggia op-A 14th"]
[Site "Chioggia"]
[Date "2019.10.06"]
[Round "4"]
[White "Zamengo, Bruno"]
[Black "Negro, Roberto"]
[Result "1/2-1/2"]
[WhiteElo "1909"]
[BlackElo "2145"]
[PlyCount "64"]
[EventDate "2019.10.04"]
[EventType "swiss"]
[EventRounds "5"]
[EventCountry "ITA"]
[SourceTitle "EXT 2022"]
[Source "ChessBase"]
[SourceDate "2021.10.06"]
[SourceVersion "1"]
[SourceVersionDate "2021.10.06"]
[SourceQuality "1"]

1. e4 g6 2. d4 d6 3. c4 Bg7 4. Nc3 Nf6 5. Be2 Na6 6. Nf3 c5 7. d5 0-0 8. 0-0 Bg4 9. Re1 Nd7 10. h3 Bxf3 11. Bxf3 Nc7 12. Bg5 h6 13. Bd2 a6 14. Be2 e6 15. Qc2 exd5 16. exd5 f5 17. Bf1 Qf6 18. a4 b6 19. Nd1 Rae8 20. Rxe8 Rxe8 21. Bc3 Qf7 22. Ra3 Bxc3 23. Rxc3 Qf6 24. Qd2 Kg7 25. Rd3 f4 26. f3 Re7 27. Nc3 Qe5 28. Ne4 Ne8 29. Qc3 Nef6 30. Nxf6 Kxf6 31. Kf2 Re8 32. Qxe5+ Rxe5 1/2-1/2

[Event "Treviso Master op 3rd"]
[Site "Treviso"]
[Date "2019.03.31"]
[Round "4.6"]
[White "Zamengo, Fulvio"]
[Black "Negro, Roberto"]
[Result "1-0"]
[WhiteElo "2370"]
[BlackElo "2153"]
[PlyCount "75"]
[EventDate "2019.03.29"]
[EventType "swiss"]
[EventRounds "5"]
[EventCountry "ITA"]
[SourceTitle "EXT 2024"]
[Source "ChessBase"]
[SourceDate "2023.10.10"]
[SourceVersion "1"]
[SourceVersionDate "2023.10.10"]
[SourceQuality "1"]

1. e4 g6 2. d4 d6 3. Nc3 c6 4. Be3 Nf6 5. h3 b5 6. a3 Nbd7 7. Nge2 Bg7 8. g4 0-0 9. Ng3 Nb6 10. Bg2 e5 11. d5 cxd5 12. exd5 Nc4 13. Bc1 Bd7 14. 0-0 a5 15. b3 Nb6 16. Be3 Rb8 17. Qd2 Nc8 18. Na2 Be8 19. c4 Nd7 20. g5 bxc4 21. bxc4 Ne7 22. Rab1 Rc8 23. Nc3 Nc5 24. Nce4 Nxe4 25. Nxe4 Rxc4 26. Bb6 Qd7 27. Rfc1 Rxc1+ 28. Rxc1 a4 29. Nf6+ Bxf6 30. gxf6 Nf5 31. Be4 Kh8 32. Kh2 Rg8 33. Qb4 h5 34. Rc7 Qb5 35. Qxb5 Bxb5 36. Rxf7 Nh6 37. Rb7 Ba6 38. Ra7 1-0

[Event "Veneto-ch qf 78th"]
[Site "Padova"]
[Date "2019.02.16"]
[Round "2.12"]
[White "Negro, Roberto"]
[Black "De Marzi, Davide"]
[Result "1-0"]
[WhiteElo "2141"]
[BlackElo "1704"]
[PlyCount "61"]
[EventDate "2019.02.15"]
[EventType "swiss"]
[EventRounds "5"]
[EventCountry "ITA"]
[SourceTitle "EXT 2024"]
[Source "ChessBase"]
[SourceDate "2023.10.10"]
[SourceVersion "1"]
[SourceVersionDate "2023.10.10"]
[SourceQuality "1"]

1. c4 Nf6 2. g3 g6 3. Bg2 Bg7 4. Nc3 c6 5. e4 d6 6. Nge2 Na6 7. d4 0-0 8. 0-0 e5 9. h3 exd4 10. Nxd4 Ne8 11. Be3 f5 12. exf5 Bxf5 13. Nxf5 Rxf5 14. Qd2 Nac7 15. Rac1 d5 16. cxd5 Bxc3 17. Qxc3 Nxd5 18. Qb3 Qd7 19. Rfd1 Qf7 20. Bd4 Ndf6 21. Qa3 Nc7 22. Qa4 Nb5 23. Be3 Nd5 24. Bxd5 Rxd5 25. Rxd5 Qxd5 26. Rd1 Qe6 27. Bf4 Re8 28. h4 Qf6 29. Qc4+ Qf7 30. Qxf7+ Kxf7 31. a4 1-0

[Event "Arco Christmas op 9th"]
[Site "Arco"]
[Date "2018.12.27"]
[Round "2"]
[White "Negro, Roberto"]
[Black "Paganini, Andrea"]
[Result "1-0"]
[WhiteElo "2150"]
[BlackElo "1893"]
[PlyCount "79"]
[EventDate "2018.12.26"]
[EventType "swiss"]
[EventRounds "7"]
[EventCountry "ITA"]
[SourceTitle "CBM 188 Extra"]
[Source "ChessBase"]
[SourceDate "2019.02.26"]
[SourceVersion "1"]
[SourceVersionDate "2019.02.26"]
[SourceQuality "1"]

1. c4 e5 2. g3 Nf6 3. Bg2 d5 4. cxd5 Nxd5 5. Nf3 Nc6 6. Nc3 Nxc3 7. bxc3 e4 8. Nd4 Nxd4 9. cxd4 Qxd4 10. Rb1 Bc5 11. e3 Qc4 12. Rb3 Qa4 13. Qc2 Bd6 14. Bxe4 c6 15. Bb2 f6 16. 0-0 Be6 17. Rxb7 Qxc2 18. Bxc2 Rb8 19. Rxb8+ Bxb8 20. a4 0-0 21. Ba3 Rd8 22. d4 Bc4 23. Rb1 Ba6 24. Be4 Bd6 25. Bxd6 Rxd6 26. Rb8+ Kf7 27. Ra8 Rd7 28. Bxc6 Rc7 29. Bd5+ Kg6 30. Kg2 Bc8 31. Be4+ f5 32. Bf3 Kf6 33. h4 Ke7 34. Rb8 Kd6 35. Rb2 Rc4 36. a5 Ra4 37. Rb5 Ba6 38. Rxf5 Ke6 39. Rc5 Kd7 40. Bc6+ 1-0

[Event "Sant'Angelo Festival Abruzzo"]
[Site "Sant'Angelo"]
[Date "2018.08.08"]
[Round "5.9"]
[White "Negro, Roberto"]
[Black "Corvi, Marco"]
[Result "0-1"]
[WhiteElo "2185"]
[BlackElo "2286"]
[PlyCount "90"]
[EventDate "2018.08.05"]
[EventType "swiss"]
[EventRounds "9"]
[EventCountry "ITA"]
[SourceTitle "EXT 2024"]
[Source "ChessBase"]
[SourceDate "2023.10.10"]
[SourceVersion "1"]
[SourceVersionDate "2023.10.10"]
[SourceQuality "1"]

1. c4 g6 2. Nc3 Bg7 3. g3 d6 4. Bg2 e5 5. d3 f5 6. e3 Nf6 7. Nge2 0-0 8. 0-0 c6 9. b3 Be6 10. Ba3 Re8 11. d4 e4 12. Rc1 Bf7 13. Qd2 Na6 14. Rc2 Nc7 15. Rb1 d5 16. Na4 g5 17. Bb4 Bh5 18. Ba5 b6 19. Bb4 f4 20. Bf1 a5 21. Bc3 Ne6 22. cxd5 Nxd5 23. Bb2 Nb4 24. Rcc1 f3 25. Nec3 b5 26. Nxb5 cxb5 27. Bxb5 Re7 28. Ba3 Rb8 29. Bf1 g4 30. Rc4 Be8 31. Bxb4 axb4 32. Rxb4 Qa5 33. a3 Ng5 34. Qc3 Rxb4 35. axb4 Qc7 36. Bc4+ Bf7 37. Rc1 Nh3+ 38. Kf1 Qd7 39. Nb6 Qf5 40. Nc8 Rd7 41. Bxf7+ Qxf7 42. Qc4 Bf8 43. Nb6 Qxc4+ 44. Rxc4 Rb7 45. Nd5 Ra7 0-1

[Event "Salzano op-A"]
[Site "Salzano"]
[Date "2017.12.02"]
[Round "2"]
[White "Negro, Roberto"]
[Black "Gallana, Marco"]
[Result "0-1"]
[WhiteElo "2167"]
[BlackElo "2188"]
[PlyCount "68"]
[EventDate "2017.12.01"]
[EventType "swiss"]
[EventRounds "5"]
[EventCountry "ITA"]
[SourceTitle "EXT 2022"]
[Source "ChessBase"]
[SourceDate "2021.10.06"]
[SourceVersion "1"]
[SourceVersionDate "2021.10.06"]
[SourceQuality "1"]

1. c4 Nf6 2. g3 c6 3. Nf3 d5 4. b3 g6 5. Bb2 Bg7 6. Bg2 0-0 7. 0-0 Bg4 8. h3 Bxf3 9. Bxf3 Re8 10. cxd5 cxd5 11. d4 Ne4 12. Kg2 Nc6 13. Na3 Rc8 14. Rc1 a6 15. Nb1 e6 16. e3 b5 17. Qe2 Qb6 18. Rfd1 f5 19. a3 Rc7 20. Bxe4 fxe4 21. b4 Rec8 22. Nd2 a5 23. Qg4 Nd8 24. bxa5 Qxa5 25. Nb3 Qa4 26. Rxc7 Rxc7 27. Qg5 Nf7 28. Qf4 Qxb3 29. Qxc7 Qxd1 30. Qb8+ Bf8 31. Bc3 Qf3+ 32. Kg1 Ng5 33. h4 Nh3+ 34. Kh2 Nxf2 0-1

[Event "Salzano op-A"]
[Site "Salzano"]
[Date "2017.12.02"]
[Round "3"]
[White "Negro, Roberto"]
[Black "Loiacono, Antonio"]
[Result "0-1"]
[WhiteElo "2167"]
[BlackElo "2211"]
[PlyCount "108"]
[EventDate "2017.12.01"]
[EventType "swiss"]
[EventRounds "5"]
[EventCountry "ITA"]
[SourceTitle "EXT 2022"]
[Source "ChessBase"]
[SourceDate "2021.10.06"]
[SourceVersion "1"]
[SourceVersionDate "2021.10.06"]
[SourceQuality "1"]

1. c4 Nf6 2. Nc3 g6 3. e4 d6 4. g3 b6 5. Bg2 Bb7 6. Nge2 Bg7 7. 0-0 Nfd7 8. d3 c5 9. Be3 Nc6 10. Qd2 h5 11. h3 e6 12. Nb5 Nf8 13. d4 a6 14. Nbc3 Qc7 15. d5 Ne7 16. Rab1 exd5 17. cxd5 Nd7 18. f4 0-0-0 19. a4 g5 20. fxg5 Ne5 21. b3 Kb8 22. Bf4 N7g6 23. Nd1 h4 24. Ne3 Rh7 25. g4 Nxf4 26. Rxf4 Ng6 27. Rf2 Rd7 28. Nf5 Be5 29. Nc1 Qd8 30. Nd3 Bh8 31. Rc1 b5 32. axb5 axb5 33. Rc2 Qb6 34. Kh1 Bc8 35. Qc1 Ra7 36. Ra2 Ba6 37. Nf4 Nxf4 38. Qxf4 Be5 39. Qe3 b4 40. Bf3 Bc8 41. Rfd2 Rh8 42. Nh6 Re8 43. Be2 Ree7 44. Bc4 Ra3 45. Kg2 Rea7 46. Qf2 Bd4 47. Qe2 Qd8 48. Nf5 Bxf5 49. exf5 Be5 50. Rxa3 bxa3 51. Bb5 Qxg5 52. Ba4 Qf4 53. Kh1 Qg3 54. Rd3 Qxd3 0-1

[Event "Chioggia op-A 12th"]
[Site "Chioggia"]
[Date "2017.10.06"]
[Round "1"]
[White "Negro, Roberto"]
[Black "Aprile, Martino"]
[Result "1-0"]
[WhiteElo "2166"]
[BlackElo "1946"]
[PlyCount "81"]
[EventDate "2017.10.06"]
[EventType "swiss"]
[EventRounds "5"]
[EventCountry "ITA"]
[SourceTitle "EXT 2022"]
[Source "ChessBase"]
[SourceDate "2021.10.06"]
[SourceVersion "1"]
[SourceVersionDate "2021.10.06"]
[SourceQuality "1"]

1. c4 Nf6 2. g3 e6 3. Nf3 d5 4. Bg2 Bd6 5. b3 c6 6. Bb2 0-0 7. 0-0 Nbd7 8. d4 Ne4 9. e3 f5 10. a4 a5 11. Qc2 Ndf6 12. Ba3 b6 13. Ne5 c5 14. Rc1 Bb7 15. cxd5 Bxd5 16. Nc4 Rc8 17. dxc5 Bxc5 18. Bxc5 Rxc5 19. Nba3 Qc7 20. Qb2 Rc8 21. Nb5 Qb8 22. Nba3 Qc7 23. Rd1 Nd6 24. Bxd5 exd5 25. Ne5 Nde4 26. Nd3 Rc6 27. Nb5 Qb8 28. Nd4 Rc3 29. Nxf5 Rc2 30. Qd4 R8c7 31. Qe5 Qf8 32. Nd4 Re7 33. Qf4 Rc3 34. Rac1 Qc8 35. Nf3 Rec7 36. Qe5 Kf8 37. Rxc3 Nxc3 38. Nf4 Ng4 39. Qd6+ Kf7 40. Rd3 Nf6 41. Rxc3 1-0

[Event "Arco Christmas op 7th"]
[Site "Arco"]
[Date "2016.12.26"]
[Round "1"]
[White "Negro, Roberto"]
[Black "Pedrotti, Luciano"]
[Result "1-0"]
[WhiteElo "2190"]
[BlackElo "1758"]
[PlyCount "51"]
[EventDate "2016.12.26"]
[EventType "swiss"]
[EventRounds "7"]
[EventCountry "ITA"]
[SourceTitle "CBM 176 Extra"]
[Source "ChessBase"]
[SourceDate "2017.03.02"]
[SourceVersion "1"]
[SourceVersionDate "2017.03.02"]
[SourceQuality "1"]

1. c4 Nf6 2. g3 e6 3. Bg2 Be7 4. Nf3 0-0 5. 0-0 c6 6. b3 d6 7. Bb2 Nbd7 8. Qc2 Re8 9. d4 c5 10. Rd1 Qc7 11. Nc3 a6 12. Rac1 b6 13. dxc5 bxc5 14. Ng5 Bb7 15. Nce4 e5 16. Nxd6 Bxg2 17. Nxe8 Rxe8 18. Kxg2 h6 19. Ne4 Qc6 20. f3 Nh5 21. Nc3 Bg5 22. Rb1 Be3 23. Qe4 Qxe4 24. Nxe4 Bd4 25. e3 f5 26. Nd6 1-0

[Event "Mestre Cipressina op-A 5th"]
[Site "Mestre"]
[Date "2016.11.25"]
[Round "1"]
[White "Roberti, Ignazio"]
[Black "Negro, Roberto"]
[Result "0-1"]
[WhiteElo "1847"]
[BlackElo "2193"]
[PlyCount "86"]
[EventDate "2016.11.25"]
[EventType "swiss"]
[EventRounds "5"]
[EventCountry "ITA"]
[SourceTitle "EXT 2022"]
[Source "ChessBase"]
[SourceDate "2021.10.06"]
[SourceVersion "1"]
[SourceVersionDate "2021.10.06"]
[SourceQuality "1"]

1. Nf3 g6 2. g3 Bg7 3. Bg2 e5 4. d3 Ne7 5. e4 d6 6. Nc3 c5 7. Bg5 Be6 8. Qd2 h6 9. Be3 Nbc6 10. a4 Qd7 11. h4 Nd4 12. Bxd4 cxd4 13. Ne2 0-0 14. c4 dxc3 15. Nxc3 d5 16. exd5 Nxd5 17. Nxd5 Bxd5 18. Qe3 Rfe8 19. 0-0 Bc6 20. a5 a6 21. Nd2 Bb5 22. Nc4 Rad8 23. Ra3 e4 24. Nb6 Qd6 25. Nc4 Qe6 26. Re1 exd3 27. Qxe6 Rxe6 28. Rxe6 fxe6 29. Nd2 Bxb2 30. Ra2 Bc3 31. Be4 Kg7 32. Kg2 Rd7 33. g4 g5 34. h5 Kf6 35. Bxb7 Bxd2 36. Bc8 Rc7 37. Bxe6 Kxe6 38. Rxd2 Ke5 39. Kf3 Kd4 40. Rd1 Rf7+ 41. Kg3 Kc3 42. Rc1+ Kb2 43. Rc5 Rd7 0-1

[Event "Chioggia op-A 11th"]
[Site "Chioggia"]
[Date "2016.10.09"]
[Round "4"]
[White "Camana, Filippo"]
[Black "Negro, Roberto"]
[Result "0-1"]
[WhiteElo "1928"]
[BlackElo "2157"]
[PlyCount "130"]
[EventDate "2016.10.07"]
[EventType "swiss"]
[EventRounds "5"]
[EventCountry "ITA"]
[SourceTitle "EXT 2022"]
[Source "ChessBase"]
[SourceDate "2021.10.06"]
[SourceVersion "1"]
[SourceVersionDate "2021.10.06"]
[SourceQuality "1"]

1. e4 g6 2. d4 d6 3. c4 Bg7 4. Nc3 Nf6 5. f3 b6 6. Be3 c5 7. Nge2 Nc6 8. Qd2 Ba6 9. b3 0-0 10. g3 Rb8 11. Rc1 e5 12. dxc5 bxc5 13. Bh3 Nd4 14. 0-0 Qa5 15. Bg2 Bb7 16. Rfd1 Bc6 17. Qe1 Qb6 18. Qf2 a5 19. Rb1 Qc7 20. Qe1 h6 21. Qd2 Kh7 22. a4 Ne8 23. Nb5 Qd8 24. Nec3 f5 25. Rf1 fxe4 26. fxe4 Rxf1+ 27. Kxf1 Rb7 28. Kg1 Rf7 29. Qb2 h5 30. Qc1 Qd7 31. h3 Nf6 32. Bg5 Ng8 33. Rb2 Bf8 34. Qd1 Nh6 35. Be3 Rf6 36. Rf2 Rxf2 37. Bxf2 Be7 38. Be1 Nf7 39. Kh2 Bd8 40. Ne2 Qe6 41. Qd3 Kg7 42. Ng1 Ng5 43. h4 Nf7 44. Bh3 Qf6 45. Qe3 Kf8 46. Bd2 Nxb3 47. Be1 Nd4 48. Bc3 Kg7 49. Bd2 Nc2 50. Qe2 Nd4 51. Qe3 Kg8 52. Bc3 Kg7 53. Bd2 Kf8 54. Bc3 Ke7 55. Bd2 Bd7 56. Bxd7 Kxd7 57. Nc3 Qf1 58. Nd5 Qxc4 59. Qf2 Ke6 60. Qg2 Kd7 61. Qh3+ Nf5 62. Nc3 Qd3 63. Qg2 g5 64. Qf2 N5h6 65. Nge2 Ng4+ 0-1

[Event "Chioggia op-A 11th"]
[Site "Chioggia"]
[Date "2016.10.08"]
[Round "2"]
[White "Demuth, Adrien"]
[Black "Negro, Roberto"]
[Result "1-0"]
[WhiteElo "2545"]
[BlackElo "2157"]
[PlyCount "61"]
[EventDate "2016.10.07"]
[EventType "swiss"]
[EventRounds "5"]
[EventCountry "ITA"]
[SourceTitle "EXT 2022"]
[Source "ChessBase"]
[SourceDate "2021.10.06"]
[SourceVersion "1"]
[SourceVersionDate "2021.10.06"]
[SourceQuality "1"]

1. d4 g6 2. c4 Bg7 3. Nc3 d6 4. Nf3 Nc6 5. d5 Nb8 6. e4 Bg4 7. Be3 Nd7 8. Qb3 Bxf3 9. gxf3 c5 10. f4 Rb8 11. h4 Ngf6 12. e5 dxe5 13. fxe5 Nxe5 14. Bxc5 b6 15. Be3 0-0 16. 0-0-0 Nfg4 17. Bd4 h5 18. Be2 Qd7 19. f3 Nh6 20. Ne4 Rfc8 21. Qc3 Nxc4 22. Bxg7 Nf5 23. Bxc4 Rxc4 24. Qxc4 Rc8 25. Qxc8+ Qxc8+ 26. Bc3 Qc4 27. Kb1 Ne3 28. Rd4 Qe2 29. Re1 Qxf3 30. Rd3 Qxe4 31. Rexe3 1-0

[Event "Bratto op 35th"]
[Site "Bratto"]
[Date "2015.08.30"]
[Round "9"]
[White "Giretti Kanev, Jasen"]
[Black "Negro, Roberto"]
[Result "1/2-1/2"]
[WhiteElo "2211"]
[BlackElo "2169"]
[PlyCount "58"]
[EventDate "2015.08.22"]
[EventType "swiss"]
[EventRounds "9"]
[EventCountry "ITA"]
[SourceTitle "EXT 2017"]
[Source "ChessBase"]
[SourceDate "2016.10.25"]
[SourceVersion "1"]
[SourceVersionDate "2016.10.25"]
[SourceQuality "1"]

1. e4 c5 2. Nc3 g6 3. h4 h5 4. Nge2 Nc6 5. d4 cxd4 6. Nxd4 Bg7 7. Be3 Nf6 8. f3 0-0 9. Bc4 Qb6 10. Bb3 Nxe4 11. Nf5 Nxc3 12. Qd2 Qc7 13. Nxg7 Nb5 14. 0-0-0 Na5 15. Bd5 Nc4 16. Bxc4 Qxc4 17. Bh6 Qxa2 18. Qb4 Nd6 19. Rhe1 Nc4 20. c3 a5 21. Qb5 Ra6 22. Rd4 Qa1+ 23. Kc2 Qxe1 24. Qxc4 Rc6 25. Qd5 Qe2+ 26. Rd2 Qc4 27. Qe5 Qc5 28. Rd5 Qf2+ 29. Rd2 Qc5 1/2-1/2

[Event "Bratto op 35th"]
[Site "Bratto"]
[Date "2015.08.27"]
[Round "6"]
[White "Gennari, Jacopo"]
[Black "Negro, Roberto"]
[Result "0-1"]
[WhiteElo "2125"]
[BlackElo "2169"]
[PlyCount "70"]
[EventDate "2015.08.22"]
[EventType "swiss"]
[EventRounds "9"]
[EventCountry "ITA"]
[SourceTitle "EXT 2016"]
[Source "ChessBase"]
[SourceDate "2015.10.08"]
[SourceVersion "1"]
[SourceVersionDate "2015.10.08"]
[SourceQuality "1"]

1. d4 Nf6 2. c4 e6 3. Nc3 Bb4 4. a3 Bxc3+ 5. bxc3 b6 6. f3 Ba6 7. e4 Nc6 8. Bd3 Na5 9. Qe2 Nb3 10. Rb1 Nxc1 11. Rxc1 Qe7 12. Ra1 d6 13. Nh3 0-0 14. 0-0 c5 15. f4 e5 16. fxe5 dxe5 17. d5 Ne8 18. Nf2 Nd6 19. Ng4 Rae8 20. Ne3 f5 21. Nxf5 Rxf5 22. exf5 e4 23. Rae1 Qf7 24. Bb1 Bxc4 25. Qg4 Bxf1 26. Rxf1 Qf6 27. h4 Re5 28. h5 Kf8 29. Re1 Rxd5 30. Bxe4 Qxc3 31. Qe2 Qd4+ 32. Kh1 Re5 33. f6 Nxe4 34. fxg7+ Kg8 35. Kh2 Nf2 0-1

[Event "Bratto op 35th"]
[Site "Bratto"]
[Date "2015.08.26"]
[Round "5"]
[White "Negro, Roberto"]
[Black "Cocconcelli, Lorenzo"]
[Result "0-1"]
[WhiteElo "2169"]
[BlackElo "2139"]
[PlyCount "64"]
[EventDate "2015.08.22"]
[EventType "swiss"]
[EventRounds "9"]
[EventCountry "ITA"]
[SourceTitle "EXT 2016"]
[Source "ChessBase"]
[SourceDate "2015.10.08"]
[SourceVersion "1"]
[SourceVersionDate "2015.10.08"]
[SourceQuality "1"]

1. Nf3 d5 2. c4 c6 3. b3 Nf6 4. Bb2 g6 5. e3 Bg7 6. Be2 0-0 7. 0-0 Nbd7 8. cxd5 cxd5 9. d3 Re8 10. Nc3 e5 11. Rc1 a6 12. b4 b6 13. Qb3 Bb7 14. a4 Rc8 15. Nb1 Qe7 16. d4 Ne4 17. dxe5 Nxe5 18. Nd4 Nc4 19. Rcd1 Nxb2 20. Qxb2 Rc7 21. Bf3 Rec8 22. Bxe4 dxe4 23. b5 a5 24. Qa2 Rc5 25. Nd2 Bxd4 26. exd4 Rc2 27. Qb1 e3 28. fxe3 Qxe3+ 29. Rf2 Qxd4 30. Kf1 Qd3+ 31. Kg1 Rd8 32. Qa1 Qd4 0-1

[Event "Bratto op 35th"]
[Site "Bratto"]
[Date "2015.08.25"]
[Round "4"]
[White "Ricci, Marco"]
[Black "Negro, Roberto"]
[Result "1/2-1/2"]
[WhiteElo "2040"]
[BlackElo "2169"]
[PlyCount "78"]
[EventDate "2015.08.22"]
[EventType "swiss"]
[EventRounds "9"]
[EventCountry "ITA"]
[SourceTitle "EXT 2016"]
[Source "ChessBase"]
[SourceDate "2015.10.08"]
[SourceVersion "1"]
[SourceVersionDate "2015.10.08"]
[SourceQuality "1"]

1. e4 c5 2. Nf3 d6 3. d4 cxd4 4. Qxd4 a6 5. c4 Nc6 6. Qd2 Nf6 7. Nc3 g6 8. b3 Bg7 9. Bb2 0-0 10. Be2 Qa5 11. Rb1 Ne5 12. 0-0 Nxf3+ 13. Bxf3 Rb8 14. Rfd1 Re8 15. Nd5 Qxd2 16. Rxd2 Nxd5 17. Bxg7 Kxg7 18. Rxd5 b5 19. Be2 Be6 20. Rd4 b4 21. f4 Rec8 22. Ra1 Rc5 23. a4 bxa3 24. Rxa3 Rb6 25. Rd2 Kf6 26. Kf2 Rc8 27. Rda2 Rcb8 28. Bd1 Bc8 29. Ke3 g5 30. g3 gxf4+ 31. gxf4 Bb7 32. Ra5 Rg8 33. Rf5+ Ke6 34. Rh5 Rg1 35. Bc2 Rg7 36. Kd4 f6 37. Kc3 Kf7 38. Bd3 Kg8 39. Rh4 e5 1/2-1/2